000 00493nam a2200181 i 4500
001 bg
245 0 _aRysunek techniczny i rysunek techniczny maszynowy /
_cPKNMJ.
_nT.2.
260 _aWarszawa :
_bWydaw. Normalizacyjne "Alfa",
_c1993.
300 _c30 cm.
650 9 _apolskie normy
650 9 _arysunek techniczny
650 9 _arysunek techniczny maszynowy
040 _cBPK
041 _apl
080 _a744:621](438)PN
942 _cKA
008 s pl f |000 0 pol
999 _c10087
_d10087
856 _uhttp://koha.tu.koszalin.pl/cgi-bin/koha/opac-detail.pl?biblionumber=10087
_yKatalog online BPK